=LDR 00000nam 2200000 4500 =001 INLIS000000000051420 =005 20220927074807 =035 ##$$a 0010-0917000224 =007 ta =008 220927################g##########0#ind## =020 ##$$a 978-602-98175-7-7 =082 ##$$a 372.2 =084 ##$$a 372.2 NUR b =100 #$$a Nur Laili M. =245 1#$$a Buku Aktivitas Muslim Cilik /$c Nur Laili M. =250 ##$$a cet.2 =260 ##$$a Yogyakarta :$b Javalitera,$c 2013 =300 ##$$a 36 hlm. : $b ilus. ; $c 24 cm =650 #4$$a Taman Kanak-Kanak =990 ##$$a 21702255 =990 ##$$a 21702254 =990 ##$$a 21702253 =990 ##$$a 21702252 =990 ##$$a 21702251 =990 ##$$a 21702253 =990 ##$$a 21702255 =990 ##$$a 21702254 =990 ##$$a 21702252 =990 ##$$a 21702251